Odgadnij miesiąc po opisie - Statystyki

Ogólne statystyki
  • Ten quiz został rozwiązany 610 razy
  • Średni wynik to 11 z 12
Statystyki odpowiedzi
Opis Miesiąc % Poprawnych
Ah ta konstytucja 3 ---- Maj
100%
Ah te wszystkie roki przestępne tak wpływają na nasz biedny ---- Luty
95%
Najcieplejszy miesiąc w Polsce i w dodatku te wszystkie lipy Lipiec
94%
W ----- jak w garncu! Marzec
94%
Kwitną Maki ósmy miesiąc roku. po prostu wspaniale! Sierpień
94%
Ten miesiąc jest chyba najmniej ulubionym miesiącem dla uczniów! Wrzesień
94%
Sio z podręcznikami! Sio z Sprawdźanami! sio z Szkołą!!!!!! Czerwiec
93%
Oj dwa wspaniałe dni w jednym miesiącu! ale ważne żeby rok był udany i niespodziewany gośc znowu przyszedł do twojego domu Grudzień
93%
Po nazwie -------- myśle o kwiatach, może to dlatgo ze nazwy są identyczne! Kwiecień
93%
Ah ten miesiąc jest tak bardzo ważny dla Polski... Bo czy Polska znajdywała by sie na mapie bez Święta które jest w tym miesiącu? Listopad
93%
Chyba każdy nauczyciel w tym miesiącu obchodzi swoje Święto Październik
93%
Śnieżynka Goździk ogrodowy piękne kwiaty Styczeń
93%
Nie znaleziono quizów pasujących do podanych kryteriów
Rozkład punktacji
Procent ludzi z każdym wynikiem
Percentyl według liczby udzielonych odpowiedzi
Twoja historia wyników
Nie rozwiązałeś tego quizu